Электрохимическое изготовление деталей атомных реакторов

Podrobná bibliografie
Hlavní autor: Атанасянц А. Г. Анатолий Георгиевич
Shrnutí:В книге рассматриваются теоретические основы электрохимического формообразования и технология изготовления главным образом деталей машин атомных реакторов. Основное внимание уделено кинетике и механизму анодного растворения тугоплавких металлов и легированной аустенитной стали. Дана оценка критерия точности, производительности и качества поверхности комплектующих изделий.
Jazyk:ruština
Vydáno: Москва, Энергоатомиздат, 1987
Témata:
Médium: MixedMaterials Kniha
KOHA link:https://koha.lib.tpu.ru/cgi-bin/koha/opac-detail.pl?biblionumber=121018

MARC

LEADER 00000nam0a2200000 4500
001 121018
005 20231031125248.0
020 |a RU  |b 87-6423 
035 |a (RuTPU)RU\TPU\book\131040 
090 |a 121018 
100 |a 20070908d1987 km a0rusy5003 ca 
101 0 |a rus 
102 |a RU 
105 |a a z 001zy 
200 1 |a Электрохимическое изготовление деталей атомных реакторов  |f А. Г. Атанасянц 
210 |a Москва  |c Энергоатомиздат  |d 1987 
215 |a 176,[1] с.  |c ил.  |d 21 см 
320 |a Библиогр.: с. 174-175 (43 назв.) 
330 |a В книге рассматриваются теоретические основы электрохимического формообразования и технология изготовления главным образом деталей машин атомных реакторов. Основное внимание уделено кинетике и механизму анодного растворения тугоплавких металлов и легированной аустенитной стали. Дана оценка критерия точности, производительности и качества поверхности комплектующих изделий. 
606 |a Ядерные реакторы  |x Материалы  |2 stltpush  |3 (RuTPU)RU\TPU\subj\21647 
610 1 |a детали машин 
610 1 |a обработка 
610 1 |a электрорастворение 
610 1 |a кинетика 
610 1 |a электрохимическое формообразование 
610 1 |a анодное растворение 
610 1 |a легированные аустенитнные стали 
610 1 |a тугоплавкие металлы 
610 1 |a комплектующие изделия 
675 |a 621.039.53/.54  |z rus 
700 1 |a Атанасянц  |b А. Г.  |g Анатолий Георгиевич  |4 070 
801 0 |a RU  |b RuMRKP  |c 19950417  |g psbo 
801 1 |a RU  |b 63413507  |c 20070908  |g PSBO 
801 2 |a RU  |b 63413507  |c 20180215  |g PSBO 
942 |c BK